Taylor Swift mystery lyrics #82 - Statistics

General Stats
  • This quiz has been taken 51 times
  • The average score is 174 of 240
Answer Stats
Answer % Correct
a
100%
I
100%
it
97%
me
97%
the
97%
The
97%
We
97%
we
97%
And
94%
and
94%
my
94%
so
94%
So
94%
he
91%
in
91%
is
91%
they
91%
to
91%
all
85%
could
85%
it's
85%
It's
85%
like
85%
on
85%
that
85%
are
82%
I'm
82%
just
82%
of
82%
too
82%
We're
82%
we're
82%
with
82%
but
79%
But
79%
us
79%
for
76%
love
76%
our
76%
what
76%
at
74%
can't
74%
night
74%
see
74%
baby
71%
Baby
71%
day
71%
know
71%
out
71%
romantic
71%
best
68%
dream
68%
every
68%
get
68%
here
68%
new
68%
off
68%
romantics
68%
tired
68%
build
65%
castle
65%
free
65%
life
65%
mine
65%
them
65%
threw
65%
young
65%
bricks
62%
'Cause
62%
come
62%
dancing
62%
Honey
62%
honey
62%
sing
62%
take
62%
about
59%
Ah
59%
ah
59%
along
59%
anthem
59%
everything
59%
face
59%
hand
59%
Heartbreak
59%
national
59%
people
59%
proudly
59%
up
59%
battle
56%
cry
56%
doin'
56%
tears
56%
want
56%
aren't
53%
busy
53%
feet
53%
play
53%
wait
53%
bathroom
50%
better
50%
bored
50%
classroom
50%
comin'
50%
dumb
50%
exactly
50%
Please
50%
please
50%
ruin
50%
different
47%
leave
47%
letters
47%
lights
47%
mascara
47%
most
47%
road
47%
scarlet
47%
show
47%
stranded
47%
trains
47%
Trust
47%
ace
44%
blinding
44%
cruel
44%
knocked
44%
need
44%
rumors
44%
true
44%
back
41%
poker
41%
record
41%
terrible
41%
danger
38%
timing
38%
changer
35%
hang
32%
sides
29%
switch
29%
noise
26%
team
26%
No matching quizzes found
Score Distribution
Percent of People with Each Score
Percentile by Number Answered
Your Score History
You have not taken this quiz